000 00754cam a22002413a 4500
001 39009
003 PGUSA
005 20140828083848.0
008 120229s2012||||xxu|||||s|||||000 | eng d
040 _aPGUSA
_beng
042 _adc
100 1 _aMendoza, Juan Gonzalez de
245 1 4 _aThe History of the Great and Mighty Kingdom of China and the Situation Thereof, Volume I (of 2)
_h[electronic resource] /
_cJuan Gonzalez de Mendoza
260 _bProject Gutenberg,
_c2012
506 _aPublic domain in the USA.
516 _aElectronic text
700 1 _aStaunton, George T.
700 1 _aSociety, The Hakluyt
700 1 _aParke, R.
830 0 _aProject Gutenberg
_v39009
856 4 0 _uhttp://www.gutenberg.org/ebooks/39009
942 _cEB
999 _c268262
_d268262